Dachau /
Guardado en:
| Hovedforfatter: | |
|---|---|
| Format: | Bog |
| Sprog: | spansk |
| Udgivet: |
Barcelona, España :
Bruguera,
1974, c1973
|
| Udgivelse: | 2a edición |
| Serier: | (Libro Amigo ;
255) |
| Fag: | |
| Tags: |
Ingen Tags, Vær først til at tagge denne postø!
|
MARC
| LEADER | 00000nam^a2200000^a^4500 | ||
|---|---|---|---|
| 001 | 000186740 | ||
| 005 | 20250521000000.0 | ||
| 009 | 20260310102236.829 | ||
| 020 | |a 84-02-03357-1 | ||
| 037 | |a Acervo ITESO - Biblioteca | ||
| 041 | |a ESP | ||
| 082 | |a 940. 5318 |b GUN | ||
| 100 | |a Gun, Nerin E. |e (autor) | ||
| 245 | 1 | 0 | |a Dachau / |c N.E. Gun ; tr. por Miguel Giménez Sales. |
| 250 | |a 2a edición | ||
| 264 | 4 | |a Barcelona, España : |b Bruguera, |c 1974, c1973 | |
| 300 | |a 332 p., [16] láminas | ||
| 336 | |a texto |b txt |2 rdacontenido | ||
| 337 | |a sin mediación |b n |2 rdamedio | ||
| 338 | |a volumen |b nc |2 rdasoporte | ||
| 440 | 1 | |a (Libro Amigo ; |v 255) | |
| 500 | |a Traducción de: The Day of the Americans | ||
| 649 | |a XX | ||
| 650 | |a Víctimas de Guerra Italianas - |x Memorias | ||
| 650 | |a Presos Políticos Italianos - |x Memorias | ||
| 650 | |a Periodistas Italianos - |x Memorias | ||
| 650 | |a Campos de Concentración - |z Dachau, Alemania - |x Historia - |x Tema Principal | ||
| 650 | |a Campos de Concentración - |z Dachau, Alemania - |x Historia | ||
| 650 | |a Genocidio - |z Europa - |x Historia | ||
| 650 | |a Nazismo - |z Europa - |x Historia | ||
| 650 | |a Política - |z Europa - |x Historia | ||
| 650 | |a Dachau, Alemania - |x Historia - |y Tercer Reich, 1933-1945 | ||
| 650 | |a Dachau, Alemania - |x Historia - |y Siglo XX | ||
| 650 | |a Alemania - |x Historia - |y Tercer Reich, 1933-1945 | ||
| 650 | |a Alemania - |x Historia - |y Siglo XX | ||
| 650 | |a Europa - |x Historia - |y 1939-1945 | ||
| 650 | |a Europa - |x Historia - |y 1918-1945 | ||
| 650 | |a Europa - |x Historia - |y Siglo XX | ||
| 650 | |a Guerra Mundial (Segunda), 1939-1945 - |x Historia - |x Tema Principal | ||
| 650 | |a Gun, Nerin E. - |x Tema Principal | ||
| 910 | |a Fondo General | ||
| 920 | |a Impresos - Libros | ||
| 930 | |a Colección General | ||
| 905 | |a 101 | ||
| 901 | |a 0500128598 |b IT1 |c ACC |u 20250521 | ||
| 902 | |a https://opac.biblio.iteso.mx/vufind/Record/000186740 | ||